00459nam a2200121Ia 4500008004100000245006100041260002900102300001700131650001500148856008200163999001900245952007300264160712s9999 xx 000 0 und d 4aThe Impact of Music in Shaping Southeast Asian Societies c2011bHumanities Diliman avol. 8 no. 1 xHUMANITIES uhttp://journals.upd.edu.ph/index.php/humanitiesdiliman/issue/view/255/showToc c297583d297583 001040aCLbCLd2016-07-12l0r2016-07-12 00:00:00w2016-07-12yFEJ